<?xml version="1.0" encoding="UTF-8"?>
<record
    xmlns:xsi="http://www.w3.org/2001/XMLSchema-instance"
    xsi:schemaLocation="http://www.loc.gov/MARC21/slim http://www.loc.gov/standards/marcxml/schema/MARC21slim.xsd"
    xmlns="http://www.loc.gov/MARC21/slim">

  <leader>00923nam a22001937a 4500</leader>
  <datafield tag="952" ind1=" " ind2=" ">
    <subfield code="0">0</subfield>
    <subfield code="1">0</subfield>
    <subfield code="4">0</subfield>
    <subfield code="7">0</subfield>
    <subfield code="a">18</subfield>
    <subfield code="b">18</subfield>
    <subfield code="d">2016-08-17</subfield>
    <subfield code="l">0</subfield>
    <subfield code="o">TK7884.4 C47</subfield>
    <subfield code="p">18 003257</subfield>
    <subfield code="r">2016-08-17</subfield>
    <subfield code="t">1</subfield>
    <subfield code="w">2016-08-17</subfield>
    <subfield code="y">LB</subfield>
  </datafield>
  <datafield tag="999" ind1=" " ind2=" ">
    <subfield code="c">100667</subfield>
    <subfield code="d">100667</subfield>
  </datafield>
  <controlfield tag="005">20231102151952.0</controlfield>
  <controlfield tag="008">160817s2008    sp ||||| |||| 00| 0 spa d</controlfield>
  <datafield tag="020" ind1=" " ind2=" ">
    <subfield code="a">9788478978656</subfield>
  </datafield>
  <datafield tag="050" ind1="0" ind2="4">
    <subfield code="a">TK7884.4</subfield>
    <subfield code="b">C47</subfield>
  </datafield>
  <datafield tag="100" ind1="1" ind2=" ">
    <subfield code="a">Cernuda Men&#xE9;ndez, Jos&#xE9; Higinio</subfield>
    <subfield code="e">autor</subfield>
  </datafield>
  <datafield tag="245" ind1="1" ind2="0">
    <subfield code="a">Sistemas electr&#xF3;nicos de informaci&#xF3;n</subfield>
    <subfield code="c"> / Jos&#xE9; Higinio Cernuda Men&#xE9;ndez</subfield>
  </datafield>
  <datafield tag="260" ind1="3" ind2=" ">
    <subfield code="a">Espa&#xF1;a</subfield>
    <subfield code="b"> : Rama</subfield>
    <subfield code="c">, 2008</subfield>
  </datafield>
  <datafield tag="300" ind1=" " ind2=" ">
    <subfield code="a">381 p&#xE1;ginas</subfield>
  </datafield>
  <datafield tag="505" ind1=" " ind2=" ">
    <subfield code="a">Tratamiento electr&#xF3;nico de la informaci&#xF3;n
Arquitectura de un sistema microinform&#xE1;tico
Estructura l&#xF3;gica
Seguridad y restauraci&#xF3;n
Redes telem&#xE1;ticas
Redes locales</subfield>
  </datafield>
  <datafield tag="519" ind1=" " ind2=" ">
    <subfield code="a">Plan Flexible / </subfield>
    <subfield code="b">Tecnolog&#xED;as de la Informaci&#xF3;n / </subfield>
    <subfield code="c">Simulaci&#xF3;n Computacional (P16-1) /</subfield>
    <subfield code="d">(18 003257)</subfield>
  </datafield>
  <datafield tag="650" ind1="1" ind2="4">
    <subfield code="a">COMPUTADORAS ELECTR&#xD3;NICAS DIGITALES</subfield>
    <subfield code="x">CIRCUITOS</subfield>
    <subfield code="x">DISE&#xD1;O Y CONSTRUCCI&#xD3;N</subfield>
  </datafield>
  <datafield tag="650" ind1="1" ind2="4">
    <subfield code="a">SISTEMAS DE ALMACENAMIENTO Y RECUPERACI&#xD3;N DE INFORMACI&#xD3;N ELECTR&#xD3;NICA DIGITAL.</subfield>
  </datafield>
  <datafield tag="942" ind1=" " ind2=" ">
    <subfield code="c">LB</subfield>
  </datafield>
</record>
